GAS TURBINES (Record no. 216171)

MARC details
000 -LEADER
fixed length control field 00520nam a22001937a 4500
008 - FIXED-LENGTH DATA ELEMENTS--GENERAL INFORMATION
fixed length control field 251112b |||||||| |||| 00| 0 eng d
020 ## - INTERNATIONAL STANDARD BOOK NUMBER
International Standard Book Number 979-8-88715-108-3
050 ## - LIBRARY OF CONGRESS CALL NUMBER
Classification number TJ 778 .D86 2023
Item number C.1
100 ## - MAIN ENTRY--PERSONAL NAME
Personal name DVORSKY ANTHONY
245 ## - TITLE STATEMENT
Title GAS TURBINES
250 ## - EDITION STATEMENT
Edition statement FIRST EDITION
260 ## - PUBLICATION, DISTRIBUTION, ETC.
Place of publication, distribution, etc. USA
Name of publisher, distributor, etc. ORYSON PRESS
Date of publication, distribution, etc. 2023
300 ## - PHYSICAL DESCRIPTION
Extent VI-298P.
500 ## - GENERAL NOTE
General note IT HAS BIBLIOGRAPHIC INFORMATION
650 ## - SUBJECT ADDED ENTRY
Topical term or geographic name entry element fundamentals of gas engines
700 ## - ADDED ENTRY--PERSONAL NAME
Personal name DVORSKY B. ANTHONY
942 ## - ADDED ENTRY ELEMENTS (KOHA)
Source of classification or shelving scheme Library of Congress Classification
Koha item type Long Loan Book
Holdings
Withdrawn status Lost status Source of classification or shelving scheme Damaged status Not for loan Collection Home library Current library Shelving location Date acquired Inventory number Total checkouts Full call number Barcode Date last seen Copy number Price effective from Koha item type
    Library of Congress Classification     Science & Technology Kisii University Library Kisii University Library On Display 11/12/2025 109565   TJ 778 .D86 2003 000000023857 11/12/2025 C.1 11/12/2025 Long Loan Book
    Library of Congress Classification     Science & Technology Kisii University Library Kisii University Library On Display 11/12/2025 109568   TJ 778 .D86 2003 000000024811 11/12/2025 C.4 11/12/2025 Long Loan Book